000 01109nam a2200253Ia 4500
003 OSt
005 20210817145049.0
008 210310s1964 sp fr 001 0 spa d
040 _aCO-JMCR
_cCO-JMCR
041 1 _aspa
_heng
082 0 4 _a330.9 /
_bK928e
_223
100 1 _aKristensen, Thorkil,
_917032
_eautor
245 1 0 _aEquilibrio económico mundial /
_cThorkil Kristensen y colaboradores ; traducción del inglés por Antonio Gobernado
260 _aMadrid :
_bAguilar,
_c1964
300 _a349 páginas ;
_c22 cm.
490 0 _aBiblioteca de ciencias sociales. Sección primera: Economía
500 _aIncluye índices alfabéticos, de autores y de materias y notas a pie de página. Título original: The economic world balance
504 _aBibliografía : páginas 335-339
505 0 _aEl punto de partida -- Factores de crecimiento -- Población y mano de obra -- Capital -- Naturaleza -- Cultura -- Modelos de crecimiento
546 _aTraducido del inglés.
650 1 4 _aHistoria económica
_917034
_ySiglo XX
700 1 _aGobernado, Antonio,
_etraductor
_937508
942 _2ddc
_cBK
999 _c8356
_d8356